| 000 | 00414 a2200133 4500 | ||
|---|---|---|---|
| 001 | 87955 | ||
| 082 | _aPR 312 | ||
| 090 |
_c41425 _d41425 |
||
| 100 | _aSaeed Ullah Khan; Iqbal Rasool, Prof | ||
| 245 |
_aModeling of frame 6 of super mushshak aircraft using solid edge software and its analysis in ANSYS software _hG-58 |
||
| 260 |
_aRisalpur _bNUST _c2003 |
||
| 300 | _avii, 37 p. | ||
| 500 | _aBE project reports AE | ||
| 942 |
_aCAE NUST _kPR 312 |
||
| 999 |
_c323028 _d323028 |
||